000 01153cad a22002295a 4500
001 L146699
008 090218s2009 xxkad f s 000 0 eng d
035 _a(Sirsi) u146699
041 0 _aeng
050 0 4 _a333.33 $2 18
110 2 _aInvestment Property Databank
_92288
245 0 0 _aIPD UK monthly property index
_bend January 2009
_h[electronic resource]
260 _aLondon
_bIPD
_c2009
490 0 _aIPD UK Monthly Property Index
_vJanuary 2009
520 _aReports that commercial property returns continued to fall in January 2009, but capital declines slowed to -3.5% from -4.9% in December. However, given that January is traditionally a quiet month, the report cautions against reading too much into this. Finds standard shops performed best in January, with capital values falling by 1.4%.
590 _aKA
650 2 4 _aIPD UK MONTHLY PROPERTY INDEX
651 4 _aUnited Kingdom
_y
690 _aPROPERTY-COMMERCIAL PROPERTY-COMMERCIAL PROPERTY MARKET
856 4 0 _uhttps://www.ipd.com/OurProducts/Indices/UnitedKingdom/UKMonthly/tabid/921/Default.aspx
_zView this report free of charge under indices at www.ipd.com...
942 _n0
999 _c109257
_d109257